| 000 | 00421nam a2200181Ia 4500 | ||
|---|---|---|---|
| 005 | 20250603145024.0 | ||
| 008 | 250603s9999 xx 000 0 und d | ||
| 020 | _a9780849327858 | ||
| 050 | _aTN 880.5 .M45/ | ||
| 100 | _aMenon, E. Shashi. | ||
| 245 | 0 | _aGas pipeline hydraulics | |
| 260 | _aBoca Raton | ||
| 260 | _bTaylor & Francis | ||
| 260 | _c2005 | ||
| 300 | _a399 p | ||
| 650 | _aBoca Raton | ||
| 942 | _cBK | ||
| 999 |
_c40641 _d40641 |
||